Saudi State/ Province Quiz - Statistics

General Stats
  • This quiz has been taken 11 times
  • The average score is 6 of 13
Answer Stats
Hint Answer % Correct
The Holiest Province in Saudi Mecca
100%
The Capital of Saudi Arabia Riyadh
100%
The 2nd Holiest Province Medina
83%
Doesn't REALLY have a name Northern Borders Province
83%
Contains the Countries Highest Mountain Asir
33%
Dhee Ayn Is located there Baha
33%
Ancient route for trade Jouf
33%
Borders Yemen Najran
33%
Largest Province in Saudi Shargiyah
33%
Known for the Mega-Project Neom Tabuk
33%
Known camel caravan route of the Hajj (HARD) Hail
17%
Beautiful Coastal Region Jazan
17%
Known for its Agriculture Qassim
17%
No matching quizzes found
Score Distribution
Percent of People with Each Score
Percentile by Number Answered
Your Score History
You have not taken this quiz